logo

Bir Sreshtho Munshi Abdur Rouf Library
Jhenaidah Cadet College

A Job For Noel / (Record no. 6979)

MARC details
000 -LEADER
fixed length control field 00531nam a2200217 a 4500
001 - CONTROL NUMBER
JCCL Control Number 6979
003 - CONTROL NUMBER IDENTIFIER
JCCL marc code BD-JhCC
005 - DATE AND TIME OF LATEST TRANSACTION
control field 20180203130810.0
008 - FIXED-LENGTH DATA ELEMENTS--GENERAL INFORMATION
fixed length control field 171210s1966 e a|||| ||a| 000 0 eng d
035 ## - SYSTEM CONTROL NUMBER
system control number (BD-JhCC)6979
040 ## - CATALOGING SOURCE
Original cataloging agency BD-JhCC
Modifying agency BD-JhCC
041 ## - LANGUAGE CODE
Language code of Book eng
082 ## - DEWEY DECIMAL CLASSIFICATION NUMBER
Classification number 823.91
Author mark and Year BOD 1966
100 ## - MAIN ENTRY--PERSONAL NAME
Personal name Boden, Hilda
245 ## - TITLE STATEMENT
Title A Job For Noel /
Statement of responsibility, etc Hilda Boden
260 ## - PUBLICATION, DISTRIBUTION, ETC. (IMPRINT)
Place of publication, distribution, etc London :
Name of publisher, distributor, etc Burke Publishing Company,
Date of publication, distribution, etc 1966.
300 ## - PHYSICAL DESCRIPTION
Pagination 123 p. :
Dimensions 18cm.
650 ## - SUBJECT ADDED ENTRY--TOPICAL TERM
Topical term or geographic name as entry element Boden, Hilda
942 ## - ADDED ENTRY ELEMENTS (KOHA)
Source of classification or shelving scheme Dewey Decimal Classification
Koha item type Books
Holdings
Source of classification or shelving scheme Damaged status Not for loan Home library Current library Shelving location Date of accession Total Checkouts Full call number Barcode Date last seen Copy number Koha item type
Dewey Decimal Classification     JCC Rouf Library JCC Rouf Library General Stacks 02/03/2018   823.91 BOD 1966 9503 02/03/2018 C-1 Books

JCC Library | Contacts | JCC Home

Last Update on 23 September 2017
Copyright @ 2017-2020 JCC Rouf Library
Rouf Library, Jhenidah Cadet College (JCC), Bangladesh